Statistics for Celebrities Who Died Young

Click here to take the quiz!

General Stats

  • This quiz has been taken 67 times
  • The average score is 10 of 35

Answer Stats

BirthDeathAgeAnswer% Correct
Aug 29, 1958June 25, 200951Michael Jackson
67%
Sep 14, 1983Jul 23, 201127Amy Winehouse
66%
Jan 8, 1935Aug 16, 197742Elvis Presley
62%
June 1, 1926Aug 4, 196236Marilyn Monroe
59%
Feb 20, 1967April 5, 199427Kurt Cobain
57%
Nov 27, 1942Sep 18, 197028Jimi Hendrix
54%
Oct 9, 1940Dec 8, 198040John Lennon
51%
Jan 19, 1943Oct 4, 197027Janis Joplin
49%
Dec 8, 1943July 3, 197128Jim Morrison
46%
Sep 7, 1936Feb 3, 195923Buddy Holly
43%
June 16, 1971Sep 13, 199625Tupac
39%
Feb 8, 1931Sep 30, 195524James Dean
38%
May 29, 1917Nov 22, 196346John F. Kennedy
36%
Sep 12, 1973Nov 30, 201340Paul Walker
34%
Aug 9, 1963Feb 11, 201249Whitney Houston
33%
April 4, 1979Jan 22, 200829Heath Ledger
31%
July 1,1961Aug 31,199736Princess Diana
31%
Sep 5, 1946Nov 24, 199145Freddie Mercury
28%
Jan 16, 1979Aug 25, 200122Aaliyah
20%
Nov 10,1977Dec 20, 200932Brittany Murphy
20%
June 10, 1922June 22, 196947Judy Garland
20%
Nov 27, 1940July 20, 197333Bruce Lee
15%
Feb 6, 1945May 11, 198136Bob Marley
13%
April 2, 1939April 1, 198444Marvin Gaye
13%
Oct 31, 1950March 4, 199444John Candy
11%
March 2, 1950Feb 4, 198333Karen Carpenter
11%
Sep 19, 1941July 29, 197433Cass Elliot
10%
May 27, 1971Aril 25, 200231Lisa Lopes
8%
Feb 22, 1962Sep 4, 200644Steve Irwin
8%
Jan 10, 1943Sep 20, 197330Jim Croce
7%
March 5, 1958March 10, 198830Andy Gibb
5%
Dec 27,1975Feb 1, 198812Heather O'Rourke
5%
Nov 27, 1996Oct 10, 201215Amanda Todd
3%
Nov 8, 1931June 13 197947Darla Hood
3%
Sep 8, 1932March 5, 196331Patsy Cline
3%

Score Distribution

Percentile by Number Answered

Percent of People with Each Score

Your Score History

You have not taken this quiz